Cuba socialista. La educación / (Record no. 12636)

MARC details
000 -CABECERA
campo de control de longitud fija 00626nam a2200205 a 4500
005 - FECHA Y HORA DE LA ÚLTIMA TRANSACCIÓN
campo de control 20240920063845.0
008 - ELEMENTOS DE LONGITUD FIJA--INFORMACIÓN GENERAL
campo de control de longitud fija 991125s1978 xal 000 0 spa u
035 ## - NÚMERO DE CONTROL DEL SISTEMA
Número de control de sistema UPN01000012636
049 ## - COLECCIÓN
Colección CG
050 #4 - SIGNATURA TOPOGRÁFICA DE LA BIBLIOTECA DEL CONGRESO
Número de clasificación HC153
Número de documento/Ítem H4.2
100 1# - ASIENTO PRINCIPAL--NOMBRE PERSONAL
Nombre de persona Hermida Ruiz, Ángel J.
9 (RLIN) 28891
245 10 - MENCIÓN DE TÍTULO
Título Cuba socialista. La educación /
Mención de responsabilidad, etc. Angel J. Hermida Ruiz.
260 ## - PUBLICACIÓN, DISTRIBUCIÓN, ETC.
Lugar de publicación, distribución, etc. Xalapa :
Nombre del editor, distribuidor, etc. Normal Veracruzana,
Fecha de publicación, distribución, etc. 1978.
300 ## - DESCRIPCIÓN FÍSICA
Extensión 275 p., [24] p. de láms.
440 #0 - MENCIÓN DE SERIE/ASIENTO SECUNDARIO--TÍTULO
Título Difusión cultural ;
Designación de volumen o secuencia no.6
650 #4 - ASIENTO SECUNDARIO DE MATERIA - TERMINO TEMATICO
Término de materia o nombre geográfico como elemento de entrada Educación
Subdivisión geográfica Cuba
9 (RLIN) 5885
651 #4 - ASIENTO SECUNDARIO DE MATERIA - NOMBRE GEOGRAFICO
Nombre geográfico Cuba
Subdivisión general Condiciones económicas
9 (RLIN) 12031
651 #0 - ASIENTO SECUNDARIO DE MATERIA - NOMBRE GEOGRAFICO
Nombre geográfico Cuba
Subdivisión general Historia
9 (RLIN) 11692
905 ## - TIPO DE MATERIAL
Tipo de material Libro
Holdings
Estado de retiro Estado de pérdida Fuente del sistema de clasificación o colocación Estado dañado No para préstamo Código de colección Localización permanente Ubicación/localización actual Ubicación en estantería Enumeración/cronología de publicación seriada Total de préstamos Clasificación Código de barras Fecha visto por última vez Número de copia Tipo de ítem Koha
    Library of Congress Classification     Colección General Bib. Gregorio Torres Quintero Bib. Gregorio Torres Quintero Planta baja -   HC153 H4.2 39411 31/12/2020 1 Libro